000 00263nam a22001097a 4500
008 170123b xxu||||| |||| 00| 0 eng d
020 _a9780803623545
041 _aeng
080 _22ND
_a618.2
245 _aFUNDAMENTALS OF NURSING
_cWILKINSON, J.M
942 _2udc
_cBK
999 _c3360
_d3360